Les fromages de Haute-Savoie - Statistiques

Statistiques générales
  • Ce quiz a été pris 109 fois
  • Le résultat moyen est 5 sur 20
Statistiques - réponses
Animal Fromage % Correct
Vache Reblochon
88%
Vache Abondance
78%
Vache Beaufort
65%
Vache Tomme de Savoie
52%
Vache Comté
49%
Vache Gruyère
38%
Vache Emmental Français Est-Central
35%
Vache Raclette de Savoie
34%
Chèvre Chevrotin
20%
Vache Tome des Bauges
19%
Vache Brézain
2%
Vache Tomme aux Fleurs Sauvages
2%
Vache Emmental de Savoie
1%
Vache Le Pissenlit
1%
Vache Manigodine
1%
Vache Moelleux des Alpes
1%
Vache Tomme à l'Ail des Ours
1%
Vache Beaumont de Savoie
0%
Chèvre Persillé des Aravis
0%
Vache Tomme Fermière
0%
Aucun quiz correspondant
Distribution des résultats
% des personnes avec chaque résultat
Percentile par nombre de réponses
Votre historique - résultats
Vous n’avez pas pris ce quiz